| 000 | 00980nam a2200265 i 4500 | ||
|---|---|---|---|
| 003 | DO-SdBNP | ||
| 005 | 20250618150531.0 | ||
| 007 | ta | ||
| 008 | 250618s1999 dr a r 000 0 spa d | ||
| 040 |
_aDO-SdBNP _bspa _cBNPHU _erda |
||
| 082 |
_axxx _bG934 _222 |
||
| 100 |
_aGuerrero Ramírez, Rafael _eautor _4aut. _955963 |
||
| 245 | 1 | 0 |
_aHalterofilia básica : _bplanificación de los entrenamientos para levantadores de categorías no elites / _cRafael Guerrero |
| 246 | 1 | 3 |
_aEl recurso de revisión por causa de fraude _bjurisprudencia en materia de tierras / |
| 250 | _aSexta parte | ||
| 264 |
_aSanto Domingo : _bSecretaría de Estado de Deportes, _bEducación Física y Recreación, _c[1999]. |
||
| 300 |
_a44 páginas _c22 cm. |
||
| 336 |
_atexto _btxt _2rdacontent |
||
| 337 |
_asin mediación _bn _2rdamedia |
||
| 338 |
_avolumen _bnc _2rdacarrier |
||
| 500 | _aCentro de documentación. | ||
| 590 | _aInventariado, 2025/ YL | ||
| 910 | _aYLockward | ||
| 942 |
_2ddc _cLF2 |
||
| 999 |
_c59337 _d59337 |
||